| 000 | 00612nam a22001697a 4500 | ||
|---|---|---|---|
| 008 | 170421b xxu||||| |||| 00| 0 eng d | ||
| 020 | _a0-534-26460-3 (acid-free paper) | ||
| 082 |
_21996 _aDC 304.6 _bW41 |
||
| 100 |
_920023 _aWeeks, John Robert, 1944- |
||
| 245 |
_aPopulation : _ban introduction to concepts and issues / _cJohn R. Weeks. |
||
| 250 | _aSixth Edition | ||
| 260 |
_aBelmont : _bWadsworth Publishing Company, _cc1996 |
||
| 300 |
_axxii, 682 pages : _billustrations, maps ; _c25 cm |
||
| 500 | _aIncludes bibliographical references and indexes. | ||
| 650 | 0 |
_920026 _aPopulation |
|
| 942 |
_2ddc _cDC |
||
| 999 |
_c6612 _d6612 |
||